000 00315nam a2200121Ia 4500
008 190216s9999||||xx |||||||||||||| ||und||
100 _a"William H Newman,Kirby Warren & Andrew R"
245 0 _aProcess Of Management
260 _bMannora Publications
_c1988
300 _a624p
650 _aCommerce
942 _cBK
999 _c4966
_d4966